[Event "DSM WK M 2010"]
[Site "Karlsruhe GER"]
[Date "2010.05.07"]
[Round "1"]
[White "Kühnel, Lena"]
[Black "Stitterich, Nadine"]
[Result "1/2-1/2"]
[Termination "normal"]
[Board "1.1"]
[WhiteElo "1858"]
[BlackElo "1974"]
[WhiteTeam "Lise-Meitner-Gymnasium Königsbach-Stein"]
[BlackTeam "Solitude-Gymnasium Stuttgart"]
[PlyCount "95"]
[WhiteFideId "24640956"]
[BlackFideId "24676527"]
[EventCountry "GER"]
[EventRounds "7"]
[EventType "team-swiss"]
[EventDate "2010.05.06"]

1. e4 e5 2. Nf3 Nc6 3. Bb5 a6 4. Ba4 Nf6 5. O-O b5 6. Bb3 Be7 7. Re1 d6 8. c3
O-O 9. h3 Na5 10. Bc2 c5 11. d4 Qc7 12. Nbd2 Bd7 13. Nf1 Rfc8 14. Ne3 Nc4 15.
Nxc4 bxc4 16. dxe5 dxe5 17. Qe2 Nh5 18. Be3 Rab8 19. Rab1 Nf6 20. Nd2 Bc6 21.
Bg5 h6 22. Bxf6 Bxf6 23. Nxc4 Rd8 24. Rbd1 Bb5 25. Rxd8+ Rxd8 26. Rd1 Rxd1+ 27.
Bxd1 Qd8 28. Bb3 a5 29. a4 Ba6 30. Qd2 Bxc4 31. Qxd8+ Bxd8 32. Bxc4 Bg5 33. Kf1
Bc1 34. b4 cxb4 35. cxb4 axb4 36. a5 Bb2 37. Ke2 Bd4 38. f3 Kf8 39. Kd3 Ke7 40.
Bd5 Kd6 41. Kc4 f6 42. Kxb4 g5 43. Kb5 Kc7 44. g4 Be3 45. Kc4 Ba7 46. Ba8 Kd6
47. Kb5 Bf2 48. Bd5 1/2-1/2

[Event "DSM WK M 2010"]
[Site "Karlsruhe GER"]
[Date "2010.05.07"]
[Round "1"]
[White "Mijatovic, Andrea"]
[Black "Schmitz, Susanne"]
[Result "1-0"]
[Termination "normal"]
[Board "1.2"]
[WhiteElo "1864"]
[BlackElo "800"]
[WhiteTeam "Solitude-Gymnasium Stuttgart"]
[BlackTeam "Lise-Meitner-Gymnasium Königsbach-Stein"]
[PlyCount "67"]
[WhiteFideId "14514524"]
[EventCountry "GER"]
[EventRounds "7"]
[EventType "team-swiss"]
[EventDate "2010.05.06"]

1. e4 e5 2. Nf3 d6 3. d4 Nf6 4. dxe5 Be7 5. exf6 Bxf6 6. Bc4 O-O 7. O-O Be6 8.
Bd5 Nd7 9. Nc3 Nb6 10. Bxb7 Rb8 11. Bc6 Bd7 12. Bxd7 Qxd7 13. Re1 Rbe8 14. Bf4
Qe7 15. e5 dxe5 16. Bxe5 Nd7 17. Bxc7 Ne5 18. Bxe5 Rd8 19. Bxf6 Qxf6 20. Qe2
Rde8 21. Qxe8 h6 22. Qd7 Rd8 23. Re8+ Rxe8 24. Qxe8+ Kh7 25. Ne5 Qg5 26. Nxf7
Qf6 27. Re1 Qf5 28. Re6 Qf6 29. Rxf6 gxf6 30. Ne4 Kg6 31. Qg8+ Kf5 32. Ng3+ Kf4
33. Qg6 f5 34. Qxf5# 1-0

[Event "DSM WK M 2010"]
[Site "Karlsruhe GER"]
[Date "2010.05.07"]
[Round "1"]
[White "Kauselmann, Laura"]
[Black "Häcker, Katrin"]
[Result "0-1"]
[Termination "normal"]
[Board "1.3"]
[WhiteElo "899"]
[BlackElo "1615"]
[WhiteTeam "Lise-Meitner-Gymnasium Königsbach-Stein"]
[BlackTeam "Solitude-Gymnasium Stuttgart"]
[PlyCount "62"]
[BlackFideId "24667986"]
[EventCountry "GER"]
[EventRounds "7"]
[EventType "team-swiss"]
[EventDate "2010.05.06"]

1. e4 e5 2. Nf3 Nc6 3. Nc3 Nf6 4. Bb5 Bb4 5. a3 Ba5 6. O-O d6 7. b4 Bb6 8. d3
h6 9. Bc4 Bg4 10. h3 Bh5 11. g4 Bg6 12. Nd5 Nxd5 13. Bxd5 a6 14. Bb2 h5 15. Nh2
hxg4 16. Qxg4 Rh4 17. Qf3 Qd7 18. Ng4 O-O-O 19. Bc1 Rdh8 20. Kh2 Rxg4 21. Rg1
Rxg1 22. Kxg1 Rxh3 23. Qg2 Nd4 24. Kf1 Nf3 25. Bb2 Nh4 26. Qg1 Rf3 27. Re1 Qh3+
28. Ke2 Rxf2+ 29. Qxf2 Bxf2 30. Rf1 Qe3+ 31. Kd1 Bh5# 0-1

[Event "DSM WK M 2010"]
[Site "Karlsruhe GER"]
[Date "2010.05.07"]
[Round "1"]
[White "Zacke, Tamara"]
[Black "Roether, Barbara"]
[Result "1-0"]
[Termination "normal"]
[Board "1.4"]
[WhiteElo "857"]
[BlackElo "800"]
[WhiteTeam "Solitude-Gymnasium Stuttgart"]
[BlackTeam "Lise-Meitner-Gymnasium Königsbach-Stein"]
[PlyCount "89"]
[EventCountry "GER"]
[EventRounds "7"]
[EventType "team-swiss"]
[EventDate "2010.05.06"]

1. e4 e5 2. Nf3 Nc6 3. Bc4 Bc5 4. Nc3 Nf6 5. d3 O-O 6. O-O d6 7. Ng5 h6 8. Nxf7
Na5 9. Nxd8+ Nxc4 10. dxc4 Rxd8 11. a3 Bd4 12. Nd5 Be6 13. Nxc7 Rac8 14. Nxe6
Re8 15. Nxd4 exd4 16. Qxd4 Ng4 17. f3 Nf6 18. b3 b6 19. Qxd6 Rcd8 20. Qf4 a5
21. g4 Re6 22. g5 hxg5 23. Qxg5 Rd7 24. Qg6 Re5 25. Bh6 Ne8 26. Rad1 Rde7 27.
f4 Rc5 28. f5 b5 29. Rd8 b4 30. Rxe8+ Rxe8 31. Qxe8+ Kh7 32. Rf4 Kxh6 33. Rh4+
Kg5 34. Qh5+ Kf6 35. Qg6+ Ke7 36. Rh7 Rc7 37. Rxg7+ Kd8 38. Rxc7 Kxc7 39. axb4
axb4 40. f6 Kd6 41. f7+ Ke5 42. f8=Q Kd4 43. Qfd6+ Ke3 44. Qgg3+ Ke2 45. Qdd3#
1-0

[Event "DSM WK M 2010"]
[Site "Karlsruhe GER"]
[Date "2010.05.07"]
[Round "1"]
[White "Klinger, Jacquelin"]
[Black "Reyher, Susan"]
[Result "1-0"]
[Termination "normal"]
[Board "2.1"]
[WhiteElo "1544"]
[BlackElo "1246"]
[WhiteTeam "Märkische Schule Wattenscheid"]
[BlackTeam "J.H. Pestalozzi GS Leegebruch"]
[PlyCount "115"]
[BlackFideId "24686107"]
[EventCountry "GER"]
[EventRounds "7"]
[EventType "team-swiss"]
[EventDate "2010.05.06"]

1. e4 e5 2. Nf3 Nc6 3. g3 Nf6 4. d3 Bc5 5. Bg2 d6 6. O-O Be6 7. Bg5 h6 8. Bd2
Qd7 9. Nc3 Bh3 10. a3 Bxg2 11. Kxg2 O-O 12. Qc1 Nd4 13. Nxd4 Bxd4 14. Ne2 Qg4
15. Nxd4 exd4 16. Qd1 Qg6 17. f4 Ng4 18. h3 Ne3+ 19. Bxe3 dxe3 20. Qe2 f5 21.
exf5 Qxf5 22. Qxe3 Rfe8 23. Qf3 c6 24. Rae1 Re6 25. Qg4 Qd5+ 26. Qf3 Qxf3+ 27.
Kxf3 Rae8 28. Rxe6 Rxe6 29. Kf2 Rf6 30. Kg2 Re6 31. g4 Re2+ 32. Rf2 Re6 33. g5
Rg6 34. h4 hxg5 35. hxg5 Kf7 36. Re2 Re6 37. Rf2 Ke7 38. Kf3 g6 39. Kg4 Kf7 40.
Kf3 d5 41. Kg4 b5 42. f5 gxf5+ 43. Rxf5+ Kg6 44. Rf2 Rd6 45. Rh2 Kg7 46. Kf5 a6
47. Rh6 Rxh6 48. gxh6+ Kxh6 49. Ke5 Kg5 50. Kd6 Kf5 51. Kxc6 Ke5 52. c3 d4 53.
Kc5 dxc3 54. bxc3 Ke6 55. Kc6 Ke5 56. d4+ Ke6 57. d5+ Ke7 58. Kc7 1-0

[Event "DSM WK M 2010"]
[Site "Karlsruhe GER"]
[Date "2010.05.07"]
[Round "1"]
[White "Müller, Laura Margarita"]
[Black "Sauer, Annika"]
[Result "1-0"]
[Termination "normal"]
[Board "2.3"]
[WhiteElo "1544"]
[BlackElo "1033"]
[WhiteTeam "Märkische Schule Wattenscheid"]
[BlackTeam "J.H. Pestalozzi GS Leegebruch"]
[PlyCount "63"]
[WhiteFideId "12917923"]
[BlackFideId "12952052"]
[EventCountry "GER"]
[EventRounds "7"]
[EventType "team-swiss"]
[EventDate "2010.05.06"]

1. d4 d5 2. c4 Nf6 3. Bf4 Nc6 4. e3 Bf5 5. Bd3 Bxd3 6. Qxd3 Nb4 7. Qe2 e6 8.
Nf3 Be7 9. O-O O-O 10. a3 Nc6 11. Nbd2 Nh5 12. Bg3 Nxg3 13. hxg3 Bd6 14. Rac1
e5 15. cxd5 Ne7 16. dxe5 Bxe5 17. Nxe5 Qxd5 18. Ndf3 f6 19. Rxc7 Qd6 20. Qc4+
Nd5 21. Rd7 Qe6 22. Qxd5 Qxd5 23. Rxd5 fxe5 24. Nxe5 Rac8 25. Rfd1 h6 26. Rd7
Rc2 27. Rxb7 Rcxf2 28. Rdd7 Rf1+ 29. Kh2 R8f5 30. Rxg7+ Kf8 31. Ng6+ Ke8 32.
Rb8# 1-0

[Event "DSM WK M 2010"]
[Site "Karlsruhe GER"]
[Date "2010.05.07"]
[Round "1"]
[White "Allonge, Mandy"]
[Black "Berger, Melanie"]
[Result "0-1"]
[Termination "normal"]
[Board "2.4"]
[WhiteElo "866"]
[BlackElo "1425"]
[WhiteTeam "J.H. Pestalozzi GS Leegebruch"]
[BlackTeam "Märkische Schule Wattenscheid"]
[PlyCount "82"]
[EventCountry "GER"]
[EventRounds "7"]
[EventType "team-swiss"]
[EventDate "2010.05.06"]

1. e4 e5 2. Bc4 Nc6 3. Nf3 Bc5 4. O-O Nf6 5. Nc3 O-O 6. d3 h6 7. Nd5 Re8 8. c3
Nxd5 9. Bxd5 d6 10. d4 exd4 11. cxd4 Bb6 12. Qd2 Ne7 13. Bc4 Ng6 14. Qd3 Qf6
15. b4 Bg4 16. Bb2 Bxf3 17. Qxf3 Qf4 18. Qb3 Rxe4 19. Bxf7+ Qxf7 20. Qxf7+ Kxf7
21. f3 Re2 22. Bc3 Rae8 23. Rae1 Rxe1 24. Bxe1 Bxd4+ 25. Bf2 Bxf2+ 26. Rxf2
Re1+ 27. Rf1 Rxf1+ 28. Kxf1 Ke6 29. g4 Ke5 30. Kf2 Kf4 31. h3 Ne5 32. Kg2 Nxf3
33. a4 c5 34. bxc5 dxc5 35. a5 c4 36. Kf2 c3 37. Ke2 c2 38. h4 c1=Q 39. Kd3
Qe3+ 40. Kc4 Qd4+ 41. Kb5 a6# 0-1

[Event "DSM WK M 2010"]
[Site "Karlsruhe GER"]
[Date "2010.05.07"]
[Round "1"]
[White "Riedelsheimer, Julia"]
[Black "Wisheckel, Lena"]
[Result "1/2-1/2"]
[Termination "normal"]
[Board "3.1"]
[WhiteElo "1152"]
[BlackElo "1775"]
[WhiteTeam "Gymnasium Donauwörth"]
[BlackTeam "Johann-Schöner-Gymnasium Karlstadt"]
[PlyCount "84"]
[BlackFideId "24691992"]
[EventCountry "GER"]
[EventRounds "7"]
[EventType "team-swiss"]
[EventDate "2010.05.06"]

1. d4 c5 2. Nf3 e6 3. g3 b6 4. Bg2 Bb7 5. e3 Nf6 6. Nc3 Be7 7. O-O O-O 8. b3
Qc7 9. Bb2 d6 10. Nb5 Qd7 11. c4 a6 12. Nc3 Ne4 13. Nxe4 Bxe4 14. d5 exd5 15.
cxd5 Qf5 16. Nd2 Bxg2 17. Kxg2 Qxd5+ 18. e4 Qc6 19. Qg4 g6 20. Kg1 Nd7 21. f4
Bf6 22. Bxf6 Nxf6 23. Qf3 Rae8 24. e5 Qxf3 25. Nxf3 dxe5 26. Nxe5 Re6 27. Rad1
Rfe8 28. Rd3 Kg7 29. Rfd1 h6 30. Rd6 g5 31. Rxe6 Rxe6 32. Kf2 a5 33. Rd8 g4 34.
Ke3 h5 35. Kd3 Ne8 36. Kc4 Nd6+ 37. Kd5 Nf5 38. Rd7 Ne7+ 39. Kc4 Kf8 40. Kb5 f6
41. Rd8+ Kg7 42. Nc4 Re4 1/2-1/2

[Event "DSM WK M 2010"]
[Site "Karlsruhe GER"]
[Date "2010.05.07"]
[Round "1"]
[White "Mehling, Franziska"]
[Black "Gatej, Corinna"]
[Result "1/2-1/2"]
[Termination "normal"]
[Board "3.2"]
[WhiteElo "1477"]
[BlackElo "918"]
[WhiteTeam "Johann-Schöner-Gymnasium Karlstadt"]
[BlackTeam "Gymnasium Donauwörth"]
[PlyCount "38"]
[WhiteFideId "12900133"]
[EventCountry "GER"]
[EventRounds "7"]
[EventType "team-swiss"]
[EventDate "2010.05.06"]

1. e4 d5 2. exd5 Qxd5 3. Nc3 Qa5 4. d4 c6 5. Bc4 Nf6 6. Bd2 Qd8 7. Bg5 Bf5 8.
Nf3 Nbd7 9. Qe2 e6 10. d5 cxd5 11. Bxd5 Qb6 12. Bb3 Bc5 13. Rd1 O-O 14. Na4
Qa5+ 15. Bd2 Qc7 16. Nxc5 Nxc5 17. Bb4 Rfd8 18. Nd4 a5 19. Bc3 Nxb3 1/2-1/2

[Event "DSM WK M 2010"]
[Site "Karlsruhe GER"]
[Date "2010.05.07"]
[Round "1"]
[White "Vogel, Anna"]
[Black "Mehling, Katharina"]
[Result "1-0"]
[Termination "normal"]
[Board "3.3"]
[WhiteElo "887"]
[BlackElo "1524"]
[WhiteTeam "Gymnasium Donauwörth"]
[BlackTeam "Johann-Schöner-Gymnasium Karlstadt"]
[PlyCount "69"]
[BlackFideId "12900362"]
[EventCountry "GER"]
[EventRounds "7"]
[EventType "team-swiss"]
[EventDate "2010.05.06"]

1. e4 e5 2. Nf3 Nc6 3. Bc4 Bc5 4. d3 Nf6 5. Bg5 d6 6. Nc3 Bg4 7. h3 Bh5 8. g4
Bg6 9. Nd5 h5 10. Qe2 hxg4 11. Bxf6 gxf6 12. Ng1 gxh3 13. Nxh3 Nd4 14. Qd1 Bh5
15. Qc1 Bg4 16. c3 Nf3+ 17. Kd1 Ng1+ 18. Kc2 Nxh3 19. Qg1 Be6 20. Qg7 Rf8 21.
Nxf6+ Ke7 22. Bxe6 Nxf2 23. Nd5+ Kxe6 24. Rh6+ Kd7 25. Rf6 Qe8 26. b4 Bb6 27.
a4 Nh3 28. a5 Bf2 29. Qg4+ Kd8 30. Qxh3 Rh8 31. Qf5 Bh4 32. Rxf7 Rg8 33. Nxc7
Rg2+ 34. Kb3 Qg8 35. Qd7# 1-0

[Event "DSM WK M 2010"]
[Site "Karlsruhe GER"]
[Date "2010.05.07"]
[Round "1"]
[White "Mehling, Theresa"]
[Black "Holler, Sophia"]
[Result "0-1"]
[Termination "normal"]
[Board "3.4"]
[WhiteElo "728"]
[BlackElo "800"]
[WhiteTeam "Johann-Schöner-Gymnasium Karlstadt"]
[BlackTeam "Gymnasium Donauwörth"]
[PlyCount "122"]
[EventCountry "GER"]
[EventRounds "7"]
[EventType "team-swiss"]
[EventDate "2010.05.06"]

1. e4 e5 2. Nf3 Nc6 3. Nc3 Nf6 4. Bc4 Bc5 5. d3 h6 6. Be3 Bxe3 7. fxe3 d6 8. h3
O-O 9. Qd2 Bd7 10. O-O-O a6 11. d4 exd4 12. exd4 Rb8 13. a3 b5 14. Bd5 b4 15.
axb4 Nxb4 16. Na2 Nxa2+ 17. Kb1 Nb4 18. e5 Nfxd5 19. exd6 cxd6 20. Qe2 Qb6 21.
Qe4 Nf6 22. Qe3 Na2 23. b3 Nc3+ 24. Kc1 Nxd1 25. Kxd1 Qb4 26. Qd2 Qxd2+ 27.
Nxd2 Rfe8 28. Nf3 Nh5 29. g4 Ng3 30. Rg1 Ne4 31. Re1 Nf2+ 32. Kd2 Rxe1 33. Nxe1
Nd3 34. Nxd3 g6 35. Ne1 f5 36. Nf3 f4 37. Nh2 Re8 38. c4 Re3 39. h4 Rxb3 40.
Kc2 Rh3 41. Nf1 Bxg4 42. c5 dxc5 43. dxc5 Ra3 44. c6 f3 45. Nh2 Bf5+ 46. Kb2
Rd3 47. c7 f2 48. Kc2 Rh3+ 49. Kd1 Rxh2 50. Ke2 Kf7 51. h5 gxh5 52. Kf1 Bh3+
53. Ke2 f1=Q+ 54. Ke3 Re2+ 55. Kd4 Qf4+ 56. Kc5 Qxc7+ 57. Kd5 Qd7+ 58. Kc5 Rc2+
59. Kb6 Qb5+ 60. Ka7 Rc7+ 61. Ka8 Qb7# 0-1

[Event "DSM WK M 2010"]
[Site "Karlsruhe GER"]
[Date "2010.05.07"]
[Round "1"]
[White "Bohrmann, Sandra"]
[Black "Berdin, Victoria"]
[Result "1-0"]
[Termination "normal"]
[Board "4.1"]
[WhiteElo "1563"]
[BlackElo "1073"]
[WhiteTeam "Max-Planck-Gymnasium Ludwigshafen"]
[BlackTeam "Freiherr-vom-Stein-Gymnasium Berlin"]
[PlyCount "105"]
[WhiteFideId "12905437"]
[BlackFideId "24693901"]
[EventCountry "GER"]
[EventRounds "7"]
[EventType "team-swiss"]
[EventDate "2010.05.06"]

1. e4 e5 2. Nf3 Nc6 3. d4 d5 4. dxe5 dxe4 5. Qxd8+ Nxd8 6. Ng5 f6 7. Nxe4 fxe5
8. Bd3 Nc6 9. a3 Be7 10. Nbc3 Nf6 11. Bd2 Be6 12. O-O-O O-O-O 13. Ng5 Bd5 14.
Nxd5 Rxd5 15. Bc4 Rd4 16. Bb3 h6 17. Nf7 Re8 18. Bc3 Rxd1+ 19. Rxd1 Bc5 20. f3
Be3+ 21. Kb1 Bd4 22. Ba4 Nd5 23. Bxd4 exd4 24. Bxc6 bxc6 25. Rxd4 Kd7 26. c4
Ke7 27. cxd5 Kxf7 28. dxc6 Re1+ 29. Ka2 Rc1 30. Rd7+ Ke8 31. Rxc7 g6 32. g4 Kd8
33. Rxa7 Rxc6 34. h4 Rc5 35. Ra6 h5 36. Rxg6 hxg4 37. fxg4 Rc7 38. h5 Rh7 39.
h6 Ke8 40. g5 Kf8 41. a4 Ra7 42. b3 Rd7 43. a5 Rf7 44. b4 Ra7 45. Ka3 Re7 46.
a6 Re3+ 47. Ka4 Re2 48. Rg7 Ra2+ 49. Kb5 Rh2 50. Kb6 Rxh6+ 51. gxh6 Ke8 52. h7
Kf8 53. h8=Q# 1-0

[Event "DSM WK M 2010"]
[Site "Karlsruhe GER"]
[Date "2010.05.07"]
[Round "1"]
[White "Erol, Nuriye Özgü"]
[Black "Serif, Amelie"]
[Result "0-1"]
[Termination "normal"]
[Board "4.2"]
[WhiteElo "800"]
[BlackElo "1371"]
[WhiteTeam "Freiherr-vom-Stein-Gymnasium Berlin"]
[BlackTeam "Max-Planck-Gymnasium Ludwigshafen"]
[PlyCount "66"]
[EventCountry "GER"]
[EventRounds "7"]
[EventType "team-swiss"]
[EventDate "2010.05.06"]

1. e4 c5 2. Nc3 g6 3. Nf3 Bg7 4. Bd3 Nc6 5. O-O d6 6. Bc4 Nf6 7. d3 Bg4 8. h3
Bh5 9. g4 Nxg4 10. hxg4 Bxg4 11. Bd5 Nd4 12. Kg2 Bxf3+ 13. Qxf3 Nxf3 14. Kxf3
Bxc3 15. bxc3 Rb8 16. Rb1 b6 17. Bb2 O-O 18. c4 Qd7 19. e5 e6 20. Be4 d5 21.
Bxg6 fxg6+ 22. Ke2 dxc4 23. Rbd1 cxd3+ 24. Rxd3 Qb5 25. Ba1 c4 26. Rd6 c3+ 27.
Rd3 Qxe5+ 28. Re3 Qd4 29. Rd1 Rxf2+ 30. Kxf2 Qxd1 31. Bxc3 Rf8+ 32. Kg3 Qg1+
33. Kh3 Qxe3+ 0-1

[Event "DSM WK M 2010"]
[Site "Karlsruhe GER"]
[Date "2010.05.07"]
[Round "1"]
[White "Serebrianski, Anita"]
[Black "Taera, Nadhi"]
[Result "1-0"]
[Termination "normal"]
[Board "4.3"]
[WhiteElo "1147"]
[BlackElo "800"]
[WhiteTeam "Max-Planck-Gymnasium Ludwigshafen"]
[BlackTeam "Freiherr-vom-Stein-Gymnasium Berlin"]
[PlyCount "57"]
[EventCountry "GER"]
[EventRounds "7"]
[EventType "team-swiss"]
[EventDate "2010.05.06"]

1. e4 e5 2. Nf3 Nc6 3. Bc4 Nf6 4. Ng5 Qe7 5. Nc3 Nd4 6. O-O d6 7. d3 Bd7 8. Nd5
Nxd5 9. Bxd5 O-O-O 10. Nxf7 Rg8 11. Nxd8 Qxd8 12. Bxg8 h6 13. c3 Nb5 14. Qb3
Qe8 15. a4 Nxc3 16. bxc3 Be7 17. Rb1 Bc6 18. Be6+ Kd8 19. Be3 Bf6 20. Rb2 b6
21. d4 Qe7 22. a5 Ke8 23. Qc4 g5 24. Qxc6+ Kf8 25. Qa8+ Qe8 26. Qd5 c6 27.
Qxd6+ Be7 28. Qxe5 Bd6 29. Qf6+ 1-0

[Event "DSM WK M 2010"]
[Site "Karlsruhe GER"]
[Date "2010.05.07"]
[Round "1"]
[White "Miloslavski, Taisija"]
[Black "Keil, Mareike"]
[Result "0-1"]
[Termination "normal"]
[Board "4.4"]
[WhiteElo "800"]
[BlackElo "1032"]
[WhiteTeam "Freiherr-vom-Stein-Gymnasium Berlin"]
[BlackTeam "Max-Planck-Gymnasium Ludwigshafen"]
[PlyCount "44"]
[EventCountry "GER"]
[EventRounds "7"]
[EventType "team-swiss"]
[EventDate "2010.05.06"]

1. e4 e5 2. f3 Nf6 3. Nc3 Nc6 4. d3 Bc5 5. Nge2 d5 6. exd5 Nxd5 7. Nxd5 Qxd5 8.
c4 Qd6 9. Nc3 Qd4 10. Qd2 O-O 11. f4 exf4 12. Qxf4 Qxf4 13. Bxf4 Bg4 14. Be2
Rfe8 15. Ne4 Bb4+ 16. Kf2 Bxe2 17. Kxe2 Nd4+ 18. Kf2 f5 19. Ke3 Nc2+ 20. Kf3
fxe4+ 21. Kg3 Nxa1 22. Rxa1 e3 0-1

[Event "DSM WK M 2010"]
[Site "Karlsruhe GER"]
[Date "2010.05.07"]
[Round "1"]
[White "Wichert, Melanie"]
[Black "Bajorski, Maria Sophie"]
[Result "0-1"]
[Termination "normal"]
[Board "5.1"]
[WhiteElo "800"]
[BlackElo "1347"]
[WhiteTeam "Gymnasium am Thie Blankenburg"]
[BlackTeam "Marienschule Limburg"]
[PlyCount "132"]
[BlackFideId "24654531"]
[EventCountry "GER"]
[EventRounds "7"]
[EventType "team-swiss"]
[EventDate "2010.05.06"]

1. e4 e5 2. Nc3 Nc6 3. Bb5 Nf6 4. Bxc6 bxc6 5. d3 d5 6. Qe2 Bd6 7. Bg5 Bb7 8.
Nf3 Qe7 9. O-O-O Qe6 10. a3 O-O 11. Rhe1 Rfe8 12. d4 h6 13. Bxf6 Qxf6 14. Qd3
Rad8 15. Rd2 exd4 16. Qxd4 Bf4 17. Qxf6 Bxd2+ 18. Nxd2 gxf6 19. f3 f5 20. Na4
fxe4 21. fxe4 f5 22. e5 Re7 23. Nf3 Rde8 24. c3 Bc8 25. Nc5 Rg7 26. Nh4 Rg4 27.
g3 f4 28. h3 Rxg3 29. e6 Re3 30. Rg1+ Kh7 31. Nf5 Re5 32. Nd4 Rf8 33. Nxc6 Re3
34. Nd7 Rf5 35. Nd4 Rg5 36. Rf1 f3 37. Nxf3 Rf5 38. Nd2 Rxf1+ 39. Nxf1 Re1+ 40.
Kd2 Rxf1 41. Kd3 Bxd7 42. exd7 Rf8 43. c4 dxc4+ 44. Kxc4 Rd8 45. b4 Rxd7 46.
Kc5 Rd6 47. b5 Kg6 48. a4 Kg5 49. a5 Kh4 50. Kc4 Kxh3 51. Kb4 Kg4 52. Kc4 h5
53. a6 h4 54. Kb4 h3 55. Kc5 h2 56. Kb4 h1=Q 57. Kc5 Qh5+ 58. Kc4 Qd5+ 59. Kb4
Qd4+ 60. Ka5 Qb6+ 61. Kb4 Rd4+ 62. Kc3 Qc5+ 63. Kb3 Qxb5+ 64. Kc3 Qc5+ 65. Kb3
Rb4+ 66. Ka3 Qa5# 0-1

[Event "DSM WK M 2010"]
[Site "Karlsruhe GER"]
[Date "2010.05.07"]
[Round "1"]
[White "Liez, Franziska"]
[Black "Böhnki, Linda"]
[Result "1-0"]
[Termination "normal"]
[Board "5.2"]
[WhiteElo "1440"]
[BlackElo "800"]
[WhiteTeam "Marienschule Limburg"]
[BlackTeam "Gymnasium am Thie Blankenburg"]
[PlyCount "47"]
[WhiteFideId "1271766"]
[EventCountry "GER"]
[EventRounds "7"]
[EventType "team-swiss"]
[EventDate "2010.05.06"]

1. e4 e5 2. Nf3 Nc6 3. Nc3 Nf6 4. Bb5 Bc5 5. Nxe5 Nxe5 6. d4 Neg4 7. dxc5 O-O
8. Bg5 d6 9. cxd6 cxd6 10. O-O d5 11. exd5 Qd6 12. g3 Ne8 13. Re1 Bd7 14. Bxd7
Qxd7 15. Be7 Nc7 16. Bxf8 Kxf8 17. d6 Ne6 18. Qxg4 Qxd6 19. Rad1 Qc6 20. Qe4
Ng5 21. Qe7+ Kg8 22. Rd8+ Rxd8 23. Qxd8+ Qe8 24. Qxe8# 1-0

[Event "DSM WK M 2010"]
[Site "Karlsruhe GER"]
[Date "2010.05.07"]
[Round "1"]
[White "Wilken, Andrea"]
[Black "Liez, Tatjana"]
[Result "0-1"]
[Termination "normal"]
[Board "5.3"]
[WhiteElo "800"]
[BlackElo "1190"]
[WhiteTeam "Gymnasium am Thie Blankenburg"]
[BlackTeam "Marienschule Limburg"]
[PlyCount "110"]
[BlackFideId "1271769"]
[EventCountry "GER"]
[EventRounds "7"]
[EventType "team-swiss"]
[EventDate "2010.05.06"]

1. e4 e5 2. Nf3 Nc6 3. Nc3 Bc5 4. Bb5 d6 5. Bxc6+ bxc6 6. d3 Bg4 7. O-O Nf6 8.
Bg5 O-O 9. Bxf6 Qxf6 10. h3 Bxf3 11. Qxf3 Qxf3 12. gxf3 Bb6 13. b4 Bd4 14. Rab1
Bxc3 15. Rb3 Bd4 16. c3 Bb6 17. a3 Rab8 18. Rd1 c5 19. bxc5 Bxc5 20. Rxb8 Rxb8
21. d4 exd4 22. cxd4 Bb6 23. e5 dxe5 24. dxe5 g6 25. f4 c5 26. Rc1 Rd8 27. a4
Rd4 28. Rc2 Rxa4 29. Re2 Rxf4 30. e6 fxe6 31. Rxe6 Kg7 32. Re7+ Rf7 33. Re5 Rc7
34. Re2 c4 35. Rc2 c3 36. Kf1 Bd4 37. Ke2 Rf7 38. Kd3 Rxf2 39. Rxf2 Bxf2 40.
Kxc3 Kf6 41. Kd2 Kg5 42. Ke2 Bg3 43. Kf3 Kh4 44. Kg2 a5 45. Kf1 a4 46. Ke2 a3
47. Ke3 a2 48. Ke4 a1=Q 49. Kd5 Qa4 50. Ke6 Qc6+ 51. Kf7 Kg5 52. Ke7 Qd6+ 53.
Kf7 Qd7+ 54. Kg8 Kf6 55. Kh8 Qg7# 0-1

[Event "DSM WK M 2010"]
[Site "Karlsruhe GER"]
[Date "2010.05.07"]
[Round "1"]
[White "Heinz, Michelle"]
[Black "Lehmann, Frederike"]
[Result "1-0"]
[Termination "normal"]
[Board "5.4"]
[WhiteElo "1006"]
[BlackElo "800"]
[WhiteTeam "Marienschule Limburg"]
[BlackTeam "Gymnasium am Thie Blankenburg"]
[PlyCount "45"]
[WhiteFideId "1271782"]
[EventCountry "GER"]
[EventRounds "7"]
[EventType "team-swiss"]
[EventDate "2010.05.06"]

1. e4 e5 2. Nf3 Bc5 3. Nc3 g5 4. Nxe5 d6 5. Nc4 g4 6. d4 Bb4 7. Ne3 h5 8. Bc4
Nf6 9. Qd3 Nc6 10. Ned5 Nxd5 11. Bxd5 Ne7 12. Qb5+ c6 13. Qxb4 cxd5 14. Bg5 a5
15. Qa3 Rg8 16. Bh4 Qb6 17. Bxe7 Kxe7 18. Nxd5+ Kd7 19. Nxb6+ Kc6 20. Nxa8 Re8
21. d5+ Kd7 22. Nb6+ Kd8 23. Qxd6+ 1-0

[Event "DSM WK M 2010"]
[Site "Karlsruhe GER"]
[Date "2010.05.07"]
[Round "1"]
[White "Evers, Annika"]
[Black "Schellinger, Sara"]
[Result "1-0"]
[Termination "normal"]
[Board "6.1"]
[WhiteElo "1695"]
[BlackElo "800"]
[WhiteTeam "Athenaeum Stade"]
[BlackTeam "Kant-Gymnasium Karlsruhe"]
[PlyCount "79"]
[WhiteFideId "24691933"]
[EventCountry "GER"]
[EventRounds "7"]
[EventType "team-swiss"]
[EventDate "2010.05.06"]

1. e4 e5 2. Nf3 Nc6 3. Bc4 Nf6 4. d3 Bc5 5. c3 O-O 6. Nbd2 d6 7. O-O Bg4 8. Re1
Qd7 9. Nf1 a6 10. Ng3 b5 11. Bb3 Bxf3 12. Qxf3 Qg4 13. Bd1 Qxf3 14. Bxf3 b4 15.
Be3 bxc3 16. bxc3 Rab8 17. Bxc5 dxc5 18. Rab1 Rxb1 19. Rxb1 Rd8 20. Be2 a5 21.
Rb5 Nd7 22. Rb7 Rc8 23. Bg4 Rb8 24. Rxc7 Rb1+ 25. Nf1 Ncb8 26. Bxd7 Nxd7 27.
Rxd7 h6 28. Rd5 Rb2 29. Rxc5 a4 30. Rxe5 Rxa2 31. Ra5 Ra3 32. g3 Rxc3 33. Rxa4
Rxd3 34. Ne3 g5 35. Nf5 Kh7 36. Ra7 Kg6 37. Ra6+ Kh5 38. Rxh6+ Kg4 39. Kg2 Rf3
40. h3# 1-0

[Event "DSM WK M 2010"]
[Site "Karlsruhe GER"]
[Date "2010.05.07"]
[Round "1"]
[White "Schmitt, Anja"]
[Black "Steffens, Skrolan"]
[Result "0-1"]
[Termination "normal"]
[Board "6.2"]
[WhiteElo "800"]
[BlackElo "1162"]
[WhiteTeam "Kant-Gymnasium Karlsruhe"]
[BlackTeam "Athenaeum Stade"]
[PlyCount "68"]
[EventCountry "GER"]
[EventRounds "7"]
[EventType "team-swiss"]
[EventDate "2010.05.06"]

1. Nf3 g6 2. d4 Bg7 3. Bg5 d6 4. e4 a6 5. Nc3 b5 6. g4 Bxg4 7. Bd3 Nd7 8. h3
Bh5 9. b4 Bxd4 10. Nxd4 Bxd1 11. Rxd1 Ne5 12. O-O Nxd3 13. cxd3 c5 14. Nc6 Qc7
15. d4 cxb4 16. Nd5 Qxc6 17. Rc1 Qb7 18. Rc2 Rc8 19. Rfc1 Rxc2 20. Rxc2 f6 21.
Bd2 e6 22. Ne3 Ne7 23. Bxb4 Qxe4 24. Rc8+ Nxc8 25. h4 Qxd4 26. Ba5 Qxh4 27. Bb6
Nxb6 28. a3 O-O 29. f3 Qg5+ 30. Kf1 Qxe3 31. Kg2 Rc8 32. Kh3 Qxf3+ 33. Kh2 Rc2+
34. Kg1 Qd1# 0-1

[Event "DSM WK M 2010"]
[Site "Karlsruhe GER"]
[Date "2010.05.07"]
[Round "1"]
[White "Lange, Anika"]
[Black "Rauch, Silja"]
[Result "1-0"]
[Termination "normal"]
[Board "6.3"]
[WhiteElo "1215"]
[BlackElo "800"]
[WhiteTeam "Athenaeum Stade"]
[BlackTeam "Kant-Gymnasium Karlsruhe"]
[PlyCount "27"]
[WhiteFideId "24693405"]
[EventCountry "GER"]
[EventRounds "7"]
[EventType "team-swiss"]
[EventDate "2010.05.06"]

1. d4 d5 2. Nf3 b6 3. e3 c5 4. b3 Nc6 5. Bd3 Bd7 6. O-O g6 7. Bb2 Bf5 8. Bxf5
gxf5 9. dxc5 bxc5 10. Bxh8 f6 11. Nh4 Ne5 12. Qh5+ Ng6 13. Nxg6 Kf7 14. Nf4#
1-0